000 00623nam a22001457a 4500
020 _a978-1-4169-0002-3
082 _a823
_bDIX/H
100 _aDIXON, FRANKLIN W
245 _aTHE HARDY BOYS - EXTREME DANGER
260 _aNEW YORK
_bALADDIN PAPERBACKS
_c2005
300 _a165
520 _aThe Hardy Boys Extreme Danger is about two brothers that are undercover detectives. For their first mission for the book the go sky diving and they have to find the person who is sabotaging parachutes and there parachutes get sabotaged and they thing fast to save their life.
650 _aMYSTERY STORY
_zUNITED STATES
942 _cBK
999 _c7765
_d7765